| Tag |
First Indicator |
Second Indicator |
Subfields |
| LEADER |
00000cam a2200000 4500 |
| 001 |
in00000683048 |
| 005 |
20151015161039.0 |
| 008 |
720323s1969 ctuab b 00010 eng |
| 010 |
|
|
|a 72175679
|
| 035 |
|
|
|a (OCoLC)00379590
|
| 035 |
|
|
|9 ACZ3428AM
|
| 040 |
|
|
|a DLC
|c DLC
|d TXA
|d UtOrBLW
|
| 043 |
|
|
|a n-us-ct
|
| 049 |
|
|
|a TXAM
|c [1498682]
|
| 050 |
0 |
0 |
|a TD225.H4
|b J35
|
| 082 |
0 |
|
|a 363.6/1/097463
|
| 110 |
2 |
|
|a James S. Minges & Associates.
|
| 245 |
1 |
0 |
|a Technical report on regional utilities study of water supply, sewerage, drainage & refuse for Capitol Region Planning Agency, Natural Resources Committee /
|c Conducted by James S. Minges & Associates with consultation from the Travelers Research Center.
|
| 264 |
|
1 |
|a [Hartford?] :
|b [available from Clearinghouse for Federal Scientific and Technical Information, Springfield, Va.],
|c 1969.
|
| 300 |
|
|
|a viii, 312 pages :
|b illustrations (part color), maps (part color) ;
|c 28 cm.
|
| 336 |
|
|
|a text
|b txt
|2 rdacontent
|
| 337 |
|
|
|a unmediated
|b n
|2 rdamedia
|
| 338 |
|
|
|a volume
|b nc
|2 rdacarrier
|
| 504 |
|
|
|a Bibliography: pages 305-312.
|
| 650 |
|
0 |
|a Water-supply
|z Connecticut
|z Hartford Metropolitan Area.
|
| 650 |
|
0 |
|a Sewerage
|z Connecticut
|z Hartford Metropolitan Area.
|
| 650 |
|
0 |
|a Refuse and refuse disposal
|z Hartford Metropolitan Area.
|
| 710 |
1 |
|
|a Connecticut.
|b Capitol Region Planning Agency.
|b Natural Resources Committee.
|
| 710 |
2 |
|
|a Travelers Research Center.
|
| 740 |
0 |
|
|a Regional utilities study.
|
| 999 |
|
|
|a MARS
|
| 999 |
f |
f |
|s 548f1a44-879d-3739-afe6-7d4e59867d25
|i 1052b657-452f-3036-9f64-147b104bd275
|t 0
|
| 952 |
f |
f |
|p ric
|a Texas A&M University
|b Rellis Campus
|c Joint Library Facility
|d Remote Storage
|t 0
|e TD225.H4 J35
|h Library of Congress classification
|i unmediated -- volume
|m A14805361181
|
| 998 |
f |
f |
|a TD225.H4 J35
|t 0
|l Remote Storage
|